Disney Villain Songs - Statistics

General Stats
  • This quiz has been taken 581 times
  • The average score is 10 of 12
Answer Stats
Song Villain Movie % Correct
"Be Prepared" Scar The Lion King
100%
"Poor Unfortunate Souls" Ursula The Little Mermaid
100%
"Mother Knows Best" Mother Gothel Tangled
96%
"Prince Ali Reprise" Jafar Aladdin
94%
"The Mob Song" Gaston Beauty and the Beast
93%
"Friends on the Other Side" Dr. Facilier The Princess and the Frog
92%
"Shiny" Tamatoa Moana
91%
"Trust in Me" Kaa The Jungle Book
85%
"Hellfire" Judge Frollo The Hunchback of Notre Dame
83%
"Mine, Mine, Mine" Governor Ratcliffe Pocahontas
75%
"The World's Greatest Criminal Mind" Ratigan The Great Mouse Detective
60%
"Mad Madam Mim" Madam Mim The Sword in the Stone
56%
No matching quizzes found
Score Distribution
Percent of People with Each Score
Percentile by Number Answered
Your Score History
You have not taken this quiz